Statistiken für Wahr falsch #1

Klicken Sie hier um das Quiz zu spielen!

Allgemein

  • Dieses Quiz wurde 165 mal gespielt
  • Das Durchschnittsergebnis liegt bei 9 aus 20

Antwortstatistiken

FrageAntwort% Korrekt
60% der Menschen lügen in einem 10 minütigen Gespräch mindestens einmal.Wahr
84%
Ein Blauwalherz ist so groß wie ein VW Käfer.Wahr
81%
Nur, wenn ein Jahr mit einem Freitag anfängt oder endet, hat es 53 Wochen.Falsch
61%
Die Kelten haben die Hose erfunden.Falsch
59%
Wasser ist bei einer Temperatur von 4°C am schwersten.Wahr
57%
Eine Kerzenflamme ist im Weltall kugelförmig.Wahr
57%
Jährlich sterben mehr Menschen an einem knallenden Sektkorken, als durch den Biss einer Giftspinne.Wahr
56%
Die Summe aller Zahlen von 1-100 ist 4050Falsch
54%
London liegt nördlicher als Berlin.Falsch
46%
Der 01.03 und der 01.11 sind immer der gleiche Wochentag.Wahr
43%
Ein Kind läuft im Durchschnitt 10-mal so weit wie ein Erwachsener.Falsch
41%
Katzen wurden aus eigenem Antrieb Haustiere.Wahr
34%
Da Schnee offiziell in Deutschland als Sondermüll gilt, darf er nicht in Flüsse gekippt werden?Wahr
34%
Es gibt Gletscher auf jedem Kontinent.Wahr
31%
Heißes Wasser löscht Feuer besser als kaltes Wasser.Wahr
31%
Die kürzeste Autobahn Deutschlands ist die A102 (Zubringer Gradestraße) in Berlin mit 1,2 km Länge.Falsch
22%
Platzangst ist die Angst von engen Räumen.Falsch
22%
Die 8 reichsten Menschen der Welt besitzen so viel Geld wie das ärmste Fünftel der Weltbevölkung.Falsch
21%
Der Plural hat keinen Plural.Falsch
18%
90% der Menschen waschen sich beim duschen von oben nach unten.Falsch
12%

Verteilung der Resultate

Perzentil nach korrekt beantworteten Fragen

Anzahl Personen mit jedem Resultat

Ihre Resultats-Entwicklung

Sie haben dieses Quiz noch nicht gespielt